[Event "BIH-chT1"]
[Site "Tuzla"]
[Date "2010.07.23"]
[Round "8"]
[White "Trumic, Enes"]
[Black "Karahmetovic, Adnan"]
[Result "1-0"]
[WhiteElo "2338"]
[BlackElo "2305"]
[PlyCount "95"]
[EventDate "2010.07.18"]
[EventType "team-swiss"]
[EventRounds "9"]
[EventCountry "BIH"]
[SourceTitle "CBM 137 Extra"]
[Source "ChessBase"]
[SourceDate "2010.09.01"]
[SourceVersion "1"]
[SourceVersionDate "2010.09.01"]
[SourceQuality "1"]

1. e4 e6 2. d4 d5 3. e5 c5 4. c3 Nc6 5. Nf3 Qb6 6. Bd3 Bd7 7. dxc5 Bxc5 8. 0-0 f6 9. b4 Be7 10. Bf4 fxe5 11. Nxe5 Nxe5 12. Bxe5 Nf6 13. Qe2 0-0 14. Nd2 Bd6 15. Nf3 Rac8 16. Bd4 Qc7 17. Ne5 Be8 18. g3 Bh5 19. f3 Bxe5 20. Bxe5 Qf7 21. Rae1 Nd7 22. Bd6 Rfe8 23. c4 e5 24. cxd5 Qf6 25. Bc5 Nxc5 26. bxc5 Rxc5 27. Be4 Qd6 28. Rc1 Rec8 29. Rxc5 Rxc5 30. Qb2 b6 31. f4 exf4 32. Rxf4 Bg6 33. Qd4 b5 34. Qd3 a5 35. Qe3 Rc8 36. Bf3 Re8 37. Qd2 b4 38. Rc4 Rd8 39. Qe3 Qf6 40. Bg4 Bf7 41. Rf4 Qa1+ 42. Rf1 Qc3 43. Qe7 Qd4+ 44. Rf2 Qa1+ 45. Kg2 Bxd5+ 46. Kh3 Ra8 47. Rf5 Bxa2 48. Rxa5 1-0

[Event "BIH-chT1"]
[Site "Tuzla"]
[Date "2010.07.18"]
[Round "1"]
[White "Rasidovic, Sead"]
[Black "Karahmetovic, Adnan"]
[Result "1/2-1/2"]
[WhiteElo "2363"]
[BlackElo "2305"]
[PlyCount "93"]
[EventDate "2010.07.18"]
[EventType "team-swiss"]
[EventRounds "9"]
[EventCountry "BIH"]
[SourceTitle "CBM 137 Extra"]
[Source "ChessBase"]
[SourceDate "2010.09.01"]
[SourceVersion "1"]
[SourceVersionDate "2010.09.01"]
[SourceQuality "1"]

1. f4 d5 2. e3 g6 3. Nf3 Bg7 4. Be2 Nh6 5. 0-0 0-0 6. Qe1 c5 7. d3 Nc6 8. e4 dxe4 9. dxe4 e5 10. c3 exf4 11. Bxf4 Ng4 12. Nbd2 Nge5 13. Nxe5 Nxe5 14. Qg3 Qe7 15. Rae1 Bd7 16. Nc4 Rfe8 17. Ne3 Bc6 18. Nd5 Bxd5 19. exd5 Qd6 20. c4 Qa6 21. Qb3 Qb6 22. Qc2 Nd7 23. b3 Be5 24. Bh6 Qd6 25. h3 Re7 26. Kh1 Bg3 27. Rd1 Rae8 28. Bf3 f5 29. Bg5 Nf6 30. b4 Kg7 31. bxc5 Qxc5 32. Qc3 Be5 33. Qd3 Bd6 34. Bc1 b6 35. Bb2 Qe3 36. Qxe3 Rxe3 37. g4 fxg4 38. hxg4 Be5 39. Bc1 Rc3 40. g5 Nh5 41. Bxh5 gxh5 42. Rde1 Rh3+ 43. Kg2 Rg3+ 44. Kh1 Rh3+ 45. Kg2 Rg3+ 46. Kh1 Rh3+ 47. Kg2 1/2-1/2

[Event "BIH CFFBH-chT1"]
[Site "Cazin"]
[Date "2009.07.01"]
[Round "7"]
[White "Karahmetovic, Adnan"]
[Black "Burovic, Ismet"]
[Result "1/2-1/2"]
[WhiteElo "2296"]
[BlackElo "2352"]
[PlyCount "29"]
[EventDate "2009.06.27"]
[EventType "team-tourn"]
[EventRounds "9"]
[EventCountry "BIH"]
[SourceTitle "EXT 2019"]
[Source "ChessBase"]
[SourceDate "2018.10.10"]
[SourceVersion "1"]
[SourceVersionDate "2018.10.10"]
[SourceQuality "1"]

1. d4 Nf6 2. Nf3 g6 3. g3 Bg7 4. Bg2 0-0 5. 0-0 d5 6. c4 c6 7. cxd5 cxd5 8. Nc3 Nc6 9. Ne5 e6 10. Nxc6 bxc6 11. Na4 Nd7 12. Be3 Nb6 13. Rc1 Nxa4 14. Qxa4 Bd7 15. Qc2 1/2-1/2

[Event "BIH CFFBH-chT1"]
[Site "Cazin"]
[Date "2009.06.30"]
[Round "6"]
[White "Trkulja, Goran"]
[Black "Karahmetovic, Adnan"]
[Result "1/2-1/2"]
[WhiteElo "2312"]
[BlackElo "2296"]
[PlyCount "66"]
[EventDate "2009.06.27"]
[EventType "team-tourn"]
[EventRounds "9"]
[EventCountry "BIH"]
[SourceTitle "EXT 2019"]
[Source "ChessBase"]
[SourceDate "2018.10.10"]
[SourceVersion "1"]
[SourceVersionDate "2018.10.10"]
[SourceQuality "1"]

1. e4 e6 2. d4 d5 3. Nd2 Nf6 4. e5 Nfd7 5. c4 dxc4 6. Nxc4 Nb6 7. Nxb6 axb6 8. Nf3 Bb4+ 9. Bd2 Nc6 10. Bc3 Qd5 11. a3 Bxc3+ 12. bxc3 Bd7 13. Bd3 Na5 14. a4 Bc6 15. 0-0 h6 16. Qe2 Qd7 17. Nd2 0-0-0 18. Bb5 Qd5 19. f3 Bxb5 20. axb5 Kd7 21. f4 g6 22. Ne4 Ke7 23. Nf6 Qc4 24. Qb2 Qb3 25. Qc1 Nc4 26. Rb1 Qa3 27. Rb4 Qxc1 28. Rxc1 Ne3 29. Kf2 Nd5 30. Nxd5+ Rxd5 31. Re1 f6 32. Ke3 fxe5 33. fxe5 Rdd8 1/2-1/2

[Event "BIH-chT1"]
[Site "Neum"]
[Date "2008.08.26"]
[Round "6.2"]
[White "Karahmetovic, Adnan"]
[Black "Kekic, Armin"]
[Result "1/2-1/2"]
[WhiteElo "2298"]
[BlackElo "2233"]
[PlyCount "28"]
[EventDate "2008.08.23"]
[EventType "team"]
[EventRounds "9"]
[EventCountry "BIH"]
[SourceTitle "CBM 126 Extra"]
[Source "ChessBase"]
[SourceDate "2008.11.05"]
[SourceVersion "1"]
[SourceVersionDate "2008.11.05"]
[SourceQuality "1"]

1. d4 d5 2. Nf3 Nf6 3. c4 e6 4. Nc3 c6 5. e3 Nbd7 6. Qc2 Bd6 7. Bd2 a6 8. e4 dxe4 9. Nxe4 Nxe4 10. Qxe4 Nf6 11. Qc2 c5 12. dxc5 Bxc5 13. b4 Be7 14. Bd3 b6 1/2-1/2

[Event "Senta op-A 12th"]
[Site "Senta"]
[Date "2008.07.25"]
[Round "9"]
[White "Karahmetovic, Adnan"]
[Black "Zivkovic, Nemanja"]
[Result "1/2-1/2"]
[WhiteElo "2298"]
[BlackElo "2072"]
[PlyCount "31"]
[EventDate "2008.07.18"]
[EventType "swiss"]
[EventRounds "9"]
[EventCountry "YUG"]
[SourceTitle "CBM 125 Extra"]
[Source "ChessBase"]
[SourceDate "2008.09.01"]
[SourceVersion "1"]
[SourceVersionDate "2008.09.01"]
[SourceQuality "1"]

1. d4 Nf6 2. Nf3 d6 3. g3 Nbd7 4. Bg2 c6 5. c4 e5 6. 0-0 Be7 7. Nc3 0-0 8. e4 Qc7 9. h3 Re8 10. Be3 Bf8 11. Re1 a5 12. Qd2 a4 13. g4 Qa5 14. Rac1 Nb6 15. Bf1 Qb4 16. g5 1/2-1/2

[Event "Bosnjaci op 13th"]
[Site "Bosnjaci"]
[Date "2008.01.08"]
[Round "8"]
[White "Baturina, Andrija"]
[Black "Karahmetovic, Adnan"]
[Result "0-1"]
[WhiteElo "2013"]
[BlackElo "2313"]
[PlyCount "78"]
[EventDate "2008.01.03"]
[EventType "swiss"]
[EventRounds "9"]
[EventCountry "CRO"]
[SourceTitle "CBM 122 Extra"]
[Source "ChessBase"]
[SourceDate "2008.03.04"]
[SourceVersion "1"]
[SourceVersionDate "2008.03.04"]
[SourceQuality "1"]

1. e4 e6 2. d3 d5 3. Nd2 c5 4. c3 Nc6 5. Ngf3 Bd6 6. Qc2 Nge7 7. g3 Qc7 8. Bg2 Bd7 9. 0-0 f6 10. Nb3 0-0 11. Be3 b6 12. a4 f5 13. a5 f4 14. Bd2 bxa5 15. Nxa5 fxg3 16. hxg3 Nxa5 17. e5 Nac6 18. exd6 Qxd6 19. d4 cxd4 20. cxd4 Nf5 21. Bc3 a5 22. Qd2 a4 23. Rfe1 Qc7 24. Ne5 Nxe5 25. Rxe5 Nd6 26. Qe1 Rab8 27. Qe2 Nb5 28. Rc1 Nxc3 29. Rxc3 Qb6 30. Rc2 Qxd4 31. Rd2 Qb6 32. Bh3 Rf6 33. Rg5 Rbf8 34. Qe5 g6 35. Qe1 Qc5 36. Re2 Rxf2 37. Rxf2 Rxf2 38. Qxf2 Qc1+ 39. Kg2 Qxg5 0-1